| 000 | 00700cam a2200241 4500 | ||
|---|---|---|---|
| 008 | 090401t1995 xxu||||| |||| 00| 0 eng d | ||
| 020 | _a0863421377 | ||
| 035 | _a(Sirsi) u11512 | ||
| 041 | _aeng | ||
| 050 | _a711.52 | ||
| 100 | _aMarshall, Tim | ||
| 245 | _aClearing an industrial area : Collingdon Road and the Cardiff Bay Development Corporation. | ||
| 260 |
_aOxford _bOxford Brookes University _c1995 |
||
| 300 | _a65p. : ill.,maps ; 30cm. | ||
| 350 | _a0 | ||
| 490 |
_aWorking Paper _v161 |
||
| 650 | _aCARDIFF BAY DEVELOPMENT CORPORATION | ||
| 650 | _aURBAN RENEWAL | ||
| 690 | _aURBAN RENEWAL | ||
| 710 |
_aOxford Brookes University _9281 |
||
| 942 | _n0 | ||
| 948 | _c04/03/1997 | ||
| 999 |
_c86877 _d86877 |
||